[Event "Monte Grande op"]
[Site "Monte Grande"]
[Date "2023.11.25"]
[Round "3"]
[White "Magallan, Gaston"]
[Black "Genovese, Carlos"]
[Result "1-0"]
[WhiteElo "2061"]
[BlackElo "1726"]
[PlyCount "45"]
[EventDate "2023.11.24"]
[EventType "swiss"]
[EventRounds "6"]
[EventCountry "ARG"]
[SourceTitle "CB49_2023"]
[SourceDate "2023.12.06"]
[SourceVersion "1"]
[SourceVersionDate "2023.12.06"]
[SourceQuality "1"]

1. e4 d6 2. d4 Nf6 3. Nc3 c6 4. Be3 Nbd7 5. Qd2 e5 6. 0-0-0 Be7 7. f3 0-0 8. h4 Nh5 9. Nge2 Nb6 10. g4 Nc4 11. Qd3 Nxe3 12. Qxe3 Nf6 13. dxe5 Nd7 14. exd6 Bxh4 15. f4 g5 16. Kb1 gxf4 17. Qh3 Ne5 18. Qxh4 Qxh4 19. Rxh4 Bxg4 20. Bh3 h5 21. Bxg4 hxg4 22. Nxf4 Kg7 23. Nd3 1-0

[Event "Monte Grande op"]
[Site "Monte Grande"]
[Date "2023.11.25"]
[Round "4"]
[White "Prieu, Gustavo"]
[Black "Magallan, Gaston"]
[Result "0-1"]
[WhiteElo "1745"]
[BlackElo "2061"]
[PlyCount "130"]
[EventDate "2023.11.24"]
[EventType "swiss"]
[EventRounds "6"]
[EventCountry "ARG"]
[SourceTitle "CB49_2023"]
[SourceDate "2023.12.06"]
[SourceVersion "1"]
[SourceVersionDate "2023.12.06"]
[SourceQuality "1"]

1. d4 e6 2. c4 Nf6 3. Nc3 d5 4. Bg5 Be7 5. e3 h6 6. Bh4 0-0 7. Nf3 b6 8. Be2 Bb7 9. 0-0 Nbd7 10. Rc1 c5 11. cxd5 exd5 12. h3 Ne4 13. Bxe7 Qxe7 14. dxc5 Nxc3 15. Rxc3 bxc5 16. Rc1 Rfd8 17. Qc2 Rac8 18. Qb1 d4 19. Bd1 Bd5 20. Qa1 dxe3 21. fxe3 Bxf3 22. Bxf3 Qxe3+ 23. Kh1 Nf6 24. Rce1 Qg5 25. Rd1 Nh5 26. Bxh5 Qxh5 27. Rxd8+ Rxd8 28. Qe1 Qd5 29. b3 c4 30. bxc4 Qxc4 31. Qf2 a5 32. Re1 a4 33. Qe2 Qxe2 34. Rxe2 Kh7 35. Re4 a3 36. Re3 Ra8 37. Kg1 Kg6 38. Kf2 f5 39. g3 Kf6 40. Kf3 g5 41. Rb3 Ra6 42. Ke3 h5 43. Kf3 Ra5 44. Rb6+ Ke5 45. Ke3 f4+ 46. gxf4+ gxf4+ 47. Kf3 Kf5 48. Rb4 Rc5 49. Rxf4+ Kg6 50. Ra4 Rc3+ 51. Kf4 Rxh3 52. Ra6+ Kf7 53. Kg5 Ke7 54. Kf5 Kd7 55. Ke5 Kc7 56. Kf4 Kb7 57. Ra4 Kb6 58. Ra8 Kc5 59. Rc8+ Kb4 60. Rb8+ Kc4 61. Rc8+ Kd3 62. Rc5 Rh2 63. Kf3 h4 64. Rd5+ Kc3 65. Rb5 Rxa2 0-1

[Event "Parana Dos Orillas op"]
[Site "Parana"]
[Date "2022.10.02"]
[Round "6"]
[White "Magallan, Gaston"]
[Black "Lesnaberes, Dario"]
[Result "0-1"]
[WhiteElo "2067"]
[BlackElo "1791"]
[PlyCount "92"]
[EventDate "2022.09.30"]
[EventType "swiss"]
[EventRounds "6"]
[EventCountry "ARG"]
[SourceTitle "EXT 2023"]
[Source "ChessBase"]
[SourceDate "2022.10.05"]
[SourceVersion "1"]
[SourceVersionDate "2022.10.05"]
[SourceQuality "1"]

1. e4 e6 2. d4 d5 3. Nd2 dxe4 4. Nxe4 Nd7 5. Nf3 Ngf6 6. Nxf6+ Nxf6 7. Bd3 c5 8. dxc5 Bxc5 9. Bg5 0-0 10. 0-0 b6 11. Ne5 Bb7 12. Qe2 Qd5 13. Nf3 h6 14. c4 Qc6 15. Bxf6 gxf6 16. b4 Bxb4 17. Rab1 Bc5 18. Nh4 f5 19. Qh5 Kg7 20. Rb3 Be7 21. Be4 Qxe4 22. Rg3+ Kh7 23. Nf3 Qf4 24. Re1 Bxf3 25. Rxf3 Qh4 26. Rxf5 Qxh5 27. Rxh5 Rac8 28. Re4 Rc5 29. Rh3 Rfc8 30. Rf3 Rxc4 31. Re1 Rc1 32. Kf1 Rxe1+ 33. Kxe1 f5 34. Rd3 Rd8 35. Re3 Bb4+ 36. Ke2 Rd6 37. Kf3 Kg6 38. h3 Bc5 39. Re1 h5 40. g4 hxg4+ 41. hxg4 fxg4+ 42. Kxg4 Bxf2 43. Rh1 Bc5 44. Rh2 Rd4+ 45. Kf3 Rd3+ 46. Ke4 Re3+ 0-1

[Event "Parana Dos Orillas op"]
[Site "Parana"]
[Date "2022.10.02"]
[Round "5"]
[White "Terre, Marcelo"]
[Black "Magallan, Gaston"]
[Result "0-1"]
[WhiteElo "1867"]
[BlackElo "2067"]
[PlyCount "52"]
[EventDate "2022.09.30"]
[EventType "swiss"]
[EventRounds "6"]
[EventCountry "ARG"]
[SourceTitle "EXT 2023"]
[Source "ChessBase"]
[SourceDate "2022.10.05"]
[SourceVersion "1"]
[SourceVersionDate "2022.10.05"]
[SourceQuality "1"]

1. d4 Nf6 2. c4 c5 3. d5 b5 4. Nc3 bxc4 5. e4 d6 6. Bxc4 g6 7. f4 Bg7 8. Nf3 0-0 9. 0-0 Bg4 10. h3 Bxf3 11. Qxf3 Nbd7 12. Rb1 Rb8 13. Be3 Rb4 14. Bd3 Qb8 15. b3 Ne8 16. Na4 Bd4 17. Bc4 Bxe3+ 18. Qxe3 Nc7 19. e5 Nb5 20. a3 Nxa3 21. Rbc1 Nxc4 22. Rxc4 Rxb3 23. Qe2 dxe5 24. Nxc5 Nxc5 25. Rxc5 Qb6 26. Rfc1 Rc8 0-1

[Event "Parana Dos Orillas op"]
[Site "Parana"]
[Date "2022.10.01"]
[Round "4"]
[White "Magallan, Gaston"]
[Black "Perez, Daniel Guillermo"]
[Result "0-1"]
[WhiteElo "2067"]
[BlackElo "2292"]
[PlyCount "126"]
[EventDate "2022.09.30"]
[EventType "swiss"]
[EventRounds "6"]
[EventCountry "ARG"]
[SourceTitle "EXT 2023"]
[Source "ChessBase"]
[SourceDate "2022.10.05"]
[SourceVersion "1"]
[SourceVersionDate "2022.10.05"]
[SourceQuality "1"]

1. e4 c5 2. Nf3 e6 3. d4 cxd4 4. Nxd4 Nc6 5. Nb5 Nf6 6. N1c3 Bb4 7. a3 Bxc3+ 8. Nxc3 d5 9. exd5 exd5 10. Bd3 0-0 11. 0-0 d4 12. Ne4 Bf5 13. Bg5 Bxe4 14. Bxe4 h6 15. Bh4 g5 16. Bxc6 bxc6 17. Bg3 Qd5 18. f4 Ne4 19. fxg5 hxg5 20. Qh5 Kg7 21. Rad1 Rae8 22. Be1 Re6 23. Rd3 Rh8 24. Qg4 f5 25. Qd1 c5 26. c3 Reh6 27. h3 g4 28. Qa4 gxh3 29. Qxa7+ Kf6 30. Qb6+ Qe6 31. Qxe6+ Kxe6 32. g3 h2+ 33. Kh1 Rb8 34. cxd4 c4 35. Rdf3 Rxb2 36. Rxf5 Re2 37. a4 c3 38. Re5+ Kd6 39. Rxe4 Rxe4 40. Bxc3 Rh3 41. Kg2 Rh7 42. Rh1 Re2+ 43. Kf3 Ra2 44. Be1 Rxa4 45. g4 Rxd4 46. Bg3+ Kd5 47. Rxh2 Rf7+ 48. Ke3 Rxg4 49. Rh5+ Ke6 50. Bh2 Rb7 51. Kf3 Ra4 52. Re5+ Kf6 53. Re3 Rb5 54. Rc3 Kf5 55. Bg3 Ra1 56. Bf2 Raa5 57. Bg3 Re5 58. Bf2 Reb5 59. Bg3 Rb1 60. Bf2 Rf1 61. Ke2 Rh1 62. Kf3 Rh3+ 63. Bg3 Kg5 0-1

[Event "Parana Dos Orillas op"]
[Site "Parana"]
[Date "2022.10.01"]
[Round "3"]
[White "Velazco, Tomas Sebastian"]
[Black "Magallan, Gaston"]
[Result "0-1"]
[WhiteElo "1798"]
[BlackElo "2067"]
[PlyCount "86"]
[EventDate "2022.09.30"]
[EventType "swiss"]
[EventRounds "6"]
[EventCountry "ARG"]
[SourceTitle "EXT 2023"]
[Source "ChessBase"]
[SourceDate "2022.10.05"]
[SourceVersion "1"]
[SourceVersionDate "2022.10.05"]
[SourceQuality "1"]

1. e4 c5 2. Nf3 Nc6 3. d4 cxd4 4. Nxd4 Nf6 5. Nc3 e5 6. Ndb5 d6 7. Bg5 a6 8. Na3 b5 9. Nd5 Be7 10. Nxe7 Nxe7 11. Bxf6 gxf6 12. Qf3 f5 13. exf5 Bxf5 14. g4 Be6 15. Rd1 0-0 16. Bg2 Rc8 17. c3 Ng6 18. Nc2 f5 19. gxf5 Rxf5 20. Qg4 Kh8 21. Ne3 Rf6 22. Qg5 Rf7 23. Qxd8+ Rxd8 24. Bd5 Bxd5 25. Nxd5 Rdf8 26. 0-0 Nh4 27. Rd3 Nf3+ 28. Kh1 Rf5 29. Ne3 Rh5 30. Ng4 e4 31. Rxd6 Rf4 32. Rh6 Rxh6 33. Nxh6 Rh4 34. Nf7+ Kg7 35. h3 Rxh3+ 36. Kg2 Rh2+ 37. Kg3 Kxf7 38. Rd1 Rh6 39. Rd7+ Ke6 40. Ra7 Kf5 41. Rf7+ Rf6 42. Rxh7 Rg6+ 43. Kh3 Ng5+ 0-1

[Event "Gualeguaychu Baggio Cup"]
[Site "Gualeguaychu"]
[Date "2019.11.10"]
[Round "6"]
[White "Magallan, Gaston"]
[Black "Ledesma, Israel"]
[Result "1/2-1/2"]
[WhiteElo "2038"]
[BlackElo "1879"]
[PlyCount "51"]
[EventDate "2019.11.08"]
[EventType "swiss"]
[EventRounds "6"]
[EventCountry "ARG"]
[SourceTitle "EXT 2021"]
[Source "ChessBase"]
[SourceDate "2020.10.23"]
[SourceVersion "1"]
[SourceVersionDate "2020.10.23"]
[SourceQuality "1"]

1. c4 e5 2. Nc3 Nc6 3. g3 f5 4. Bg2 Nf6 5. e3 g6 6. d3 Bg7 7. Nge2 0-0 8. 0-0 d6 9. Rb1 Qe8 10. b4 g5 11. Nd5 Nxd5 12. cxd5 Ne7 13. Nc3 f4 14. Bd2 Qg6 15. e4 g4 16. Re1 f3 17. Bf1 Qh5 18. Qc1 Rf6 19. Nb5 Bh6 20. Nxc7 Bxd2 21. Qxd2 Rb8 22. d4 Ng6 23. Ne8 Rf8 24. Nxd6 Bd7 25. dxe5 Nxe5 26. Nf5 1/2-1/2

[Event "Gualeguaychu Baggio Cup"]
[Site "Gualeguaychu"]
[Date "2019.11.09"]
[Round "3"]
[White "Mengeon, Jorge"]
[Black "Magallan, Gaston"]
[Result "1/2-1/2"]
[WhiteElo "1807"]
[BlackElo "2038"]
[PlyCount "63"]
[EventDate "2019.11.08"]
[EventType "swiss"]
[EventRounds "6"]
[EventCountry "ARG"]
[SourceTitle "EXT 2021"]
[Source "ChessBase"]
[SourceDate "2020.10.23"]
[SourceVersion "1"]
[SourceVersionDate "2020.10.23"]
[SourceQuality "1"]

1. d4 Nf6 2. c4 e6 3. Nc3 Bb4 4. e3 b6 5. Bd3 Bb7 6. f3 0-0 7. Nge2 d5 8. 0-0 c5 9. a3 cxd4 10. exd4 Be7 11. Re1 Nc6 12. Bg5 dxc4 13. Bxc4 Nd5 14. Bxe7 Ncxe7 15. Ne4 Ne3 16. Qd3 Nxc4 17. Qxc4 Qd7 18. Rad1 Rfd8 19. Qc1 h6 20. N2g3 Rac8 21. Qb1 Qa4 22. Nc3 Qc4 23. Nge2 Nf5 24. b3 Qc6 25. Rc1 Nxd4 26. Nxd4 Rxd4 27. Ne2 Qd6 28. Rxc8+ Bxc8 29. Nxd4 Qxd4+ 30. Kh1 Bb7 31. Rd1 Qf6 32. Rc1 1/2-1/2

[Event "Gualeguaychu Baggio Cup"]
[Site "Gualeguaychu"]
[Date "2019.11.08"]
[Round "1"]
[White "Cicognini, Jose"]
[Black "Magallan, Gaston"]
[Result "0-1"]
[WhiteElo "1749"]
[BlackElo "2038"]
[PlyCount "76"]
[EventDate "2019.11.08"]
[EventType "swiss"]
[EventRounds "6"]
[EventCountry "ARG"]
[SourceTitle "EXT 2021"]
[Source "ChessBase"]
[SourceDate "2020.10.23"]
[SourceVersion "1"]
[SourceVersionDate "2020.10.23"]
[SourceQuality "1"]

1. d4 Nf6 2. Nf3 e6 3. Bg5 h6 4. Bh4 c5 5. e3 Qb6 6. Qc1 cxd4 7. exd4 g5 8. Bg3 g4 9. Be5 Be7 10. Nfd2 d6 11. Bxf6 Bxf6 12. c3 Bd7 13. Ne4 Be7 14. Nbd2 Bc6 15. h3 gxh3 16. Rxh3 Nd7 17. Qc2 0-0-0 18. 0-0-0 Kb8 19. Kb1 h5 20. Qb3 Qc7 21. c4 Nb6 22. Nc3 Rdg8 23. d5 Bd7 24. Nb5 Qd8 25. Rg3 Rxg3 26. fxg3 e5 27. a4 Rg8 28. a5 Bf5+ 29. Ka1 Nc8 30. Qa3 a6 31. Nc3 Rxg3 32. Qb4 Re3 33. Nf3 Qc7 34. Re1 Rxe1+ 35. Nxe1 Bd8 36. Nf3 Qxa5+ 37. Qxa5 Bxa5 38. Na2 Bb6 0-1

[Event "ARG-ch sf Cup"]
[Site "Villaguay/Entre Rios"]
[Date "2018.12.15"]
[Round "4.3"]
[White "Magallan, Gaston"]
[Black "Ledesma, Hubaldo"]
[Result "1-0"]
[WhiteElo "2048"]
[BlackElo "1757"]
[PlyCount "95"]
[EventDate "2018.12.14"]
[EventType "swiss"]
[EventRounds "6"]
[EventCountry "ARG"]
[SourceTitle "EXT 2024"]
[Source "ChessBase"]
[SourceDate "2023.10.10"]
[SourceVersion "1"]
[SourceVersionDate "2023.10.10"]
[SourceQuality "1"]

1. e4 e6 2. d3 d5 3. Nd2 Nf6 4. Ngf3 Be7 5. g3 b6 6. e5 Nfd7 7. Bg2 Bb7 8. 0-0 c5 9. Re1 Nc6 10. c4 dxc4 11. Nxc4 Nf8 12. d4 Nxd4 13. Nxd4 Bxg2 14. Nb5 Bd5 15. Nbd6+ Bxd6 16. Nxd6+ Ke7 17. Bg5+ f6 18. exf6+ gxf6 19. Qxd5 fxg5 20. Qxg5+ Kd7 21. Qxd8+ Kxd8 22. Nf7+ Ke7 23. Nxh8 Nd7 24. Re3 Rxh8 25. Rae1 e5 26. f4 c4 27. fxe5 Nc5 28. e6 Rd8 29. Rf1 Nxe6 30. Rfe1 Rd6 31. Re4 b5 32. Rh4 Kf7 33. Rxh7+ Ng7 34. Rh4 Rd2 35. Rf4+ Kg6 36. Rf2 Rd3 37. Re5 a6 38. Rc5 Rd6 39. a4 Ne6 40. Rc8 Ng5 41. Rg8+ Kh6 42. Kg2 Ne4 43. Re2 Nf6 44. Rc8 Kg6 45. axb5 axb5 46. Rb8 Rd5 47. Rb6 Kf7 48. Rf2 1-0

[Event "ARG-ch U2300"]
[Site "Tacuari"]
[Date "2018.11.17"]
[Round "3"]
[White "Magallan, Gaston"]
[Black "Bernard, Ignacio"]
[Result "1-0"]
[WhiteElo "2059"]
[BlackElo "2224"]
[PlyCount "75"]
[EventDate "2018.11.16"]
[EventType "swiss"]
[EventRounds "7"]
[EventCountry "ARG"]
[SourceTitle "EXT 2020"]
[Source "ChessBase"]
[SourceDate "2019.10.17"]
[SourceVersion "1"]
[SourceVersionDate "2019.10.17"]
[SourceQuality "1"]

1. f4 c5 2. Nf3 d5 3. g3 Nf6 4. Bg2 g6 5. 0-0 Bg7 6. d3 0-0 7. Nc3 d4 8. Ne4 Nxe4 9. dxe4 Nc6 10. Rb1 b6 11. e5 Be6 12. a3 Rc8 13. Ng5 Bd5 14. e4 Ba2 15. Ra1 Bc4 16. Rf2 f6 17. b3 Bxb3 18. cxb3 fxg5 19. Bh3 Rc7 20. Raa2 Kh8 21. f5 gxf5 22. Bxf5 e6 23. Bxe6 Nxe5 24. Qh5 Bf6 25. Rf5 Rg7 26. Raf2 Qe7 27. Rxf6 Rxf6 28. Rxf6 Ng4 29. Rf5 Qxe6 30. Qxg4 Qxb3 31. Rf8+ Rg8 32. Rxg8+ Qxg8 33. Bxg5 h6 34. Bf6+ Kh7 35. Qf5+ Qg6 36. Kf1 a5 37. Bd8 Qxf5+ 38. exf5 1-0

[Event "Gualeguaychu Benvenaste Memorial"]
[Site "Gualeguaychu"]
[Date "2018.11.11"]
[Round "5.1"]
[White "Magallan, Gaston"]
[Black "Hernandez, Mario"]
[Result "1-0"]
[WhiteElo "2059"]
[BlackElo "1697"]
[PlyCount "131"]
[EventDate "2018.11.10"]
[EventType "swiss"]
[EventRounds "5"]
[EventCountry "ARG"]
[SourceTitle "EXT 2024"]
[Source "ChessBase"]
[SourceDate "2023.10.10"]
[SourceVersion "1"]
[SourceVersionDate "2023.10.10"]
[SourceQuality "1"]

1. d4 e6 2. Nf3 d5 3. e3 Nf6 4. c4 Be7 5. Nc3 0-0 6. Bd3 c5 7. 0-0 dxc4 8. Bxc4 Nc6 9. b3 cxd4 10. exd4 a6 11. Bb2 Qc7 12. Rc1 Rd8 13. Bd3 Bd6 14. Ne2 Qe7 15. Bb1 Bd7 16. Ne5 Be8 17. Qc2 Nb4 18. Qc3 Bc6 19. Qh3 Be4 20. Nc3 Bxb1 21. Rxb1 Rac8 22. Rfd1 Nbd5 23. Nxd5 Nxd5 24. Rbc1 Rxc1 25. Rxc1 Nf4 26. Qf3 Ng6 27. Nxg6 fxg6 28. g3 Rf8 29. Qe2 Qf7 30. Rc2 h5 31. Qe4 Qf5 32. Qxf5 exf5 33. Kf1 Kf7 34. Ke2 Ke6 35. d5+ Kf7 36. Rc4 Re8+ 37. Kd2 g5 38. Bd4 f4 39. Bc5 Be5 40. Kd3 Rd8 41. Ke4 Bb8 42. d6 Bxd6 43. Bxd6 Rxd6 44. Rc7+ Kg6 45. Rxb7 fxg3 46. fxg3 g4 47. Ke3 Rf6 48. Re7 Rf3+ 49. Ke2 Rf6 50. b4 Rc6 51. Kd3 Rd6+ 52. Kc3 Rc6+ 53. Kb3 Rf6 54. Re2 Kh6 55. a4 g5 56. b5 axb5 57. axb5 h4 58. Kc4 Kh5 59. Rb2 Rf8 60. b6 Kg6 61. b7 Rb8 62. Kd5 Kf6 63. Rf2+ Kg6 64. Kc6 Re8 65. Kc7 Re7+ 66. Kb6 1-0

[Event "Gualeguaychu Cup Baggio U2200"]
[Site "Gualeguaychu"]
[Date "2017.12.03"]
[Round "4.2"]
[White "Mizzau, Pablo"]
[Black "Magallan, Gaston"]
[Result "0-1"]
[WhiteElo "1944"]
[BlackElo "2021"]
[PlyCount "126"]
[EventDate "2017.12.02"]
[EventType "swiss"]
[EventRounds "5"]
[EventCountry "ARG"]
[SourceTitle "EXT 2024"]
[Source "ChessBase"]
[SourceDate "2023.10.10"]
[SourceVersion "1"]
[SourceVersionDate "2023.10.10"]
[SourceQuality "1"]

1. e4 e6 2. d4 d5 3. Nd2 Nf6 4. e5 Nfd7 5. Bd3 c5 6. c3 b6 7. Qa4 Bb7 8. Ne2 Qc8 9. Nf3 Ba6 10. Bxa6 Qxa6 11. Qxa6 Nxa6 12. Bd2 Rc8 13. 0-0 h6 14. Rfc1 Be7 15. b3 0-0 16. c4 dxc4 17. Rxc4 b5 18. Rcc1 c4 19. a4 cxb3 20. Rxc8 Rxc8 21. axb5 Nc7 22. Rb1 Nxb5 23. Rxb3 a6 24. Kf1 Bd8 25. Ke1 Nb6 26. Ba5 Nd5 27. Bxd8 Rxd8 28. Nd2 Ne7 29. Rb4 Nc6 30. Ra4 Nbxd4 31. Nxd4 Rxd4 32. Rxa6 Nxe5 33. Ke2 g5 34. h3 Kg7 35. g3 h5 36. Ke3 Rb4 37. Ra5 f6 38. f4 Nf7 39. fxg5 fxg5 40. Nf3 Kf6 41. h4 Rb3+ 42. Kf2 g4 43. Nd4 Rd3 44. Nc6 Rd6 45. Nb4 Ne5 46. Ke2 Rd4 47. Rb5 Re4+ 48. Kf1 Re3 49. Kg2 Re2+ 50. Kf1 Rd2 51. Rc5 Rd4 52. Nc6 Nxc6 53. Rxc6 Rd3 54. Kf2 Rf3+ 55. Kg2 Rf5 56. Ra6 Rc5 57. Ra8 Kf5 58. Rh8 Ke4 59. Rh6 Rc2+ 60. Kg1 Kf3 61. Rxh5 Kxg3 62. Kf1 Kh2 63. Rg5 g3 0-1

[Event "Gualeguaychu Cup Baggio U2200"]
[Site "Gualeguaychu"]
[Date "2017.12.02"]
[Round "1.3"]
[White "Rivero, Ariel"]
[Black "Magallan, Gaston"]
[Result "0-1"]
[WhiteElo "1810"]
[BlackElo "2021"]
[PlyCount "144"]
[EventDate "2017.12.02"]
[EventType "swiss"]
[EventRounds "5"]
[EventCountry "ARG"]
[SourceTitle "EXT 2024"]
[Source "ChessBase"]
[SourceDate "2023.10.10"]
[SourceVersion "1"]
[SourceVersionDate "2023.10.10"]
[SourceQuality "1"]

1. d4 f5 2. Qd3 d5 3. c4 e6 4. h4 Nf6 5. h5 c5 6. cxd5 Qxd5 7. Nf3 cxd4 8. Qxd4 Nc6 9. Qxd5 Nxd5 10. a3 e5 11. Nc3 Nxc3 12. bxc3 Bc5 13. h6 g6 14. Bb2 Be7 15. e3 Bf6 16. Bc4 Bd7 17. Ba2 e4 18. Nd4 Ne5 19. Ke2 Nd3 20. Rab1 Nxb2 21. Rxb2 b6 22. g4 Ke7 23. gxf5 gxf5 24. Rbb1 Rac8 25. Kd2 Rc5 26. Rhg1 f4 27. Rg8 fxe3+ 28. fxe3 Rxg8 29. Bxg8 Rh5 30. Bxh7 Rh2+ 31. Kc1 Bg5 32. Bxe4 Bxe3+ 33. Kd1 Bxd4 34. cxd4 Rxh6 35. Kd2 Rh2+ 36. Kc3 Rh3+ 37. Kb2 Re3 38. Bc2 Kd6 39. Rg1 Re7 40. Rg5 Be6 41. a4 a5 42. Re5 Rg7 43. Rb5 Kc7 44. d5 Bd7 45. d6+ Kb7 46. Re5 Kc6 47. Re7 Rg5 48. Re4 Kxd6 49. Kc3 Be6 50. Rd4+ Kc5 51. Rf4 Rg3+ 52. Kb2 Re3 53. Rh4 Bc4 54. Rh6 Rg3 55. Rh2 Bd5 56. Rh4 Rg2 57. Kc3 Rf2 58. Rh3 Rf4 59. Rh5 Rf3+ 60. Kb2 Re3 61. Rh4 Bc4 62. Rh6 Re6 63. Rxe6 Bxe6 64. Kc3 Bd7 65. Bb3 Bg4 66. Bc2 Be2 67. Bb3 Bf1 68. Be6 Ba6 69. Bb3 Be2 70. Ba2 Bd1 71. Bb3 Bxb3 72. Kxb3 Kd4 0-1

[Event "Entrerriano-ch"]
[Site "Argentina"]
[Date "2017.09.23"]
[Round "4"]
[White "Garbarino, Federico"]
[Black "Magallan, Gaston"]
[Result "0-1"]
[WhiteElo "1620"]
[BlackElo "2042"]
[PlyCount "133"]
[EventDate "2017.09.22"]
[EventType "swiss"]
[EventRounds "6"]
[EventCountry "ARG"]
[SourceTitle "CBM 180 Extra"]
[Source "ChessBase"]
[SourceDate "2017.10.06"]
[SourceVersion "1"]
[SourceVersionDate "2017.10.06"]
[SourceQuality "1"]

1. e4 e6 2. d4 d5 3. e5 c5 4. c3 Nc6 5. Nf3 f6 6. a3 fxe5 7. dxe5 Qc7 8. Bf4 Nge7 9. Bd3 g6 10. b4 Bg7 11. Qe2 0-0 12. Bg3 cxb4 13. axb4 Nf5 14. Bxf5 gxf5 15. Bf4 Bd7 16. 0-0 Ne7 17. Nh4 a6 18. Qe3 Ng6 19. Nxg6 hxg6 20. h4 Rfc8 21. Rc1 Qd8 22. g3 a5 23. bxa5 Rxa5 24. Bg5 Qc7 25. Rxa5 Qxa5 26. Be7 Be8 27. Nd2 d4 28. Qxd4 Qxe5 29. Qxe5 Bxe5 30. Bb4 Bf6 31. f4 Rd8 32. Nf3 Rd3 33. Kf2 Bc6 34. Ne1 Rd2+ 35. Ke3 Rh2 36. Rc2 Rh3 37. Kf2 Be4 38. Re2 Rh2+ 39. Kf1 Rh1+ 40. Kf2 Rh2+ 41. Kf1 Rxe2 42. Kxe2 e5 43. Ke3 Kf7 44. Nf3 Bxf3 45. fxe5 Bxe5 46. Kxf3 Ke6 47. g4 fxg4+ 48. Kxg4 Bf6 49. h5 gxh5+ 50. Kxh5 Kd5 51. Kg6 Bh8 52. Kf5 Kc4 53. Ke4 Bxc3 54. Be7 b5 55. Ke3 Bb4 56. Bf6 Ba5 57. Be7 Kc3 58. Bc5 Bb4 59. Bd4+ Kc2 60. Bb6 Bd2+ 61. Kd4 b4 62. Kc4 b3 63. Bd4 Bc1 64. Bc3 Bb2 65. Bb4 Bf6 66. Ba3 Be7 67. Bc1 0-1

[Event "Entrerriano-ch"]
[Site "Argentina"]
[Date "2017.09.23"]
[Round "3"]
[White "Magallan, Gaston"]
[Black "Arancibia, Victor"]
[Result "1-0"]
[WhiteElo "2042"]
[BlackElo "1625"]
[PlyCount "61"]
[EventDate "2017.09.22"]
[EventType "swiss"]
[EventRounds "6"]
[EventCountry "ARG"]
[SourceTitle "CBM 180 Extra"]
[Source "ChessBase"]
[SourceDate "2017.10.06"]
[SourceVersion "1"]
[SourceVersionDate "2017.10.06"]
[SourceQuality "1"]

1. d4 d5 2. Nf3 e6 3. Bf4 c5 4. e3 Nf6 5. Nbd2 Nc6 6. c3 h6 7. Bd3 Bd6 8. Ne5 cxd4 9. exd4 Qc7 10. Qe2 Nd7 11. Ndf3 Ndxe5 12. Nxe5 Nxe5 13. dxe5 Be7 14. Qg4 g6 15. 0-0 g5 16. Be3 Qxe5 17. Bd4 Qc7 18. Bxh8 e5 19. Bb5+ Kf8 20. Qh5 Qd6 21. Rfe1 e4 22. Rad1 Bd7 23. Bxd7 Qxd7 24. Qxh6+ Ke8 25. Bf6 Qe6 26. Bxg5 Qe5 27. Bxe7 Kxe7 28. f4 Qe6 29. Qxe6+ Kxe6 30. c4 Rd8 31. cxd5+ 1-0

[Event "Tack Memorial U2200"]
[Site "Gualeguaychu"]
[Date "2017.03.12"]
[Round "4"]
[White "Zalisnak, Jacobo"]
[Black "Magallan, Gaston"]
[Result "1/2-1/2"]
[WhiteElo "2041"]
[BlackElo "2047"]
[PlyCount "77"]
[EventDate "2017.03.11"]
[EventType "swiss"]
[EventRounds "5"]
[EventCountry "ARG"]
[SourceTitle "EXT 2024"]
[Source "ChessBase"]
[SourceDate "2023.10.10"]
[SourceVersion "1"]
[SourceVersionDate "2023.10.10"]
[SourceQuality "1"]

1. b3 e5 2. Bb2 Nc6 3. Nf3 d6 4. e3 Nf6 5. c4 g6 6. d4 exd4 7. Nxd4 Bg7 8. Nc3 0-0 9. Be2 Re8 10. Nxc6 bxc6 11. Bf3 Bd7 12. 0-0 a5 13. h3 Qb8 14. Qd2 Qb4 15. Rfd1 Rab8 16. Rac1 Qc5 17. Na4 Qg5 18. c5 d5 19. Qxa5 Rbc8 20. Kf1 Bf5 21. Qa6 Be4 22. Bxe4 Nxe4 23. Bxg7 Qf5 24. f3 Kxg7 25. Qxc6 Nf6 26. Rc3 Re6 27. Qb7 Rce8 28. Qxc7 Rxe3 29. Rxe3 Rxe3 30. Qa5 Rxf3+ 31. Kg1 Rg3 32. Qd2 Ne4 33. Qd4+ f6 34. Rd3 Rxd3 35. Qxd3 Qf2+ 36. Kh2 Qf4+ 37. Kg1 Qf2+ 38. Kh2 Qf4+ 39. Kg1 1/2-1/2

[Event "Colonia Camara Gastronomica"]
[Site "Colonia"]
[Date "2011.05.05"]
[Round "8"]
[White "Rezende, Guilherme Vilela"]
[Black "Magallan, Gaston"]
[Result "1-0"]
[WhiteElo "2009"]
[BlackElo "2012"]
[PlyCount "107"]
[EventDate "2011.05.01"]
[EventType "tourn"]
[EventRounds "9"]
[EventCountry "URU"]
[SourceTitle "EXT 2024"]
[Source "ChessBase"]
[SourceDate "2023.10.10"]
[SourceVersion "1"]
[SourceVersionDate "2023.10.10"]
[SourceQuality "1"]

1. d4 d5 2. c4 e6 3. Nf3 Nf6 4. Nc3 Be7 5. Bg5 Nbd7 6. e3 h6 7. Bh4 0-0 8. Qc2 b6 9. cxd5 Nxd5 10. Bxe7 Qxe7 11. Nxd5 exd5 12. Be2 c5 13. dxc5 Nxc5 14. 0-0 Bb7 15. Rac1 Rfe8 16. Nd4 Rad8 17. Bb5 Rf8 18. b4 Ne4 19. Qc7 Qxc7 20. Rxc7 Nd6 21. Rfc1 Rc8 22. Bd7 Rxc7 23. Rxc7 a5 24. b5 Bc8 25. Bc6 Be6 26. Re7 Bc8 27. f3 Rd8 28. Kf2 Kf8 29. Re5 Nc4 30. Rxd5 Rxd5 31. Bxd5 Ne5 32. Ke2 Ke7 33. f4 Ng4 34. h3 Nf6 35. Bf3 Kd6 36. Kd3 Kc5 37. Bc6 g5 38. f5 Bd7 39. e4 Bc8 40. g4 Nd7 41. Nf3 f6 42. a3 Kd6 43. Bxd7 Bxd7 44. Kc4 Bc8 45. Kd4 Bd7 46. a4 Be8 47. e5+ Ke7 48. Kd5 h5 49. e6 h4 50. Nd2 Kd8 51. Kd6 Bd7 52. Nc4 Bc8 53. Nxb6 Bb7 54. Nd5 1-0

[Event "Colonia Camara Gastronomica"]
[Site "Colonia"]
[Date "2011.05.03"]
[Round "4"]
[White "Magallan, Gaston"]
[Black "Vargas, Gabriela"]
[Result "1/2-1/2"]
[WhiteElo "2012"]
[BlackElo "2087"]
[PlyCount "126"]
[EventDate "2011.05.01"]
[EventType "tourn"]
[EventRounds "9"]
[EventCountry "URU"]
[SourceTitle "EXT 2024"]
[Source "ChessBase"]
[SourceDate "2023.10.10"]
[SourceVersion "1"]
[SourceVersionDate "2023.10.10"]
[SourceQuality "1"]

1. e4 e6 2. d4 d5 3. Nd2 c5 4. Ngf3 cxd4 5. exd5 Qxd5 6. Bc4 Qd6 7. 0-0 Nf6 8. Nb3 Nc6 9. Nbxd4 Nxd4 10. Nxd4 Bd7 11. Be3 Qc7 12. Qe2 Rc8 13. Bb3 a6 14. Rfe1 Bd6 15. h3 0-0 16. Bg5 Qc5 17. Bxf6 gxf6 18. Rad1 Rfd8 19. c3 Kh8 20. Bc2 Bc7 21. Qf3 Qg5 22. Qxb7 Rg8 23. Qe4 f5 24. h4 Qh6 25. Nxf5 exf5 26. Qd4+ f6 27. Qxd7 Qxh4 28. Qxf5 Qh2+ 29. Kf1 Qxg2+ 30. Ke2 Rge8+ 31. Kd2 Qg5+ 32. Qxg5 fxg5 33. Rxe8+ Rxe8 34. Bd3 a5 35. Kc2 Rf8 36. Bxh7 Rxf2+ 37. Kb1 g4 38. Be4 g3 39. Rg1 Be5 40. Rg2 Kg7 41. Rxf2 gxf2 42. Bd3 Kf6 43. Kc2 Ke6 44. Kb3 Kd7 45. Ka4 Bc7 46. Kb5 Kc8 47. Bf1 Kb8 48. b3 Be5 49. Kxa5 Bxc3+ 50. Kb5 Ka7 51. a4 Bd4 52. Kc4 Be3 53. b4 Bd2 54. a5 Be1 55. Kb5 Bc3 56. Ka4 Bd4 57. Kb3 Be3 58. Kc3 Bg5 59. Kc4 Bd2 60. Kb3 Be3 61. b5 Kb7 62. Kc3 Kc7 63. Kc4 Ba7 1/2-1/2